U.S. Presidents by date of death - Statistics

General Stats
  • This quiz has been taken 50 times
  • The average score is 27 of 44
Answer Stats
Date of Death President % Correct
Still Alive (August 19th, 1946) Bill Clinton
91%
April 22nd, 1994 Richard Nixon
88%
April 12th, 1945 Franklin Delano Roosevelt
82%
December 26th, 2006 Gerald Ford
82%
Still Alive (October 1st, 1924) Jimmy Carter
79%
November 22nd, 1963 John F. Kennedy
79%
November 30th, 2018 George H.W. Bush
76%
December 14th, 1799 George Washington
76%
Still Alive (August 4th, 1961) Barack Obama
70%
April 15th, 1865 Abraham Lincoln
67%
Still Alive (July 6th, 1946) George W. Bush
67%
June 24th, 1908 Grover Cleveland
67%
July 4th, 1831 James Monroe
67%
June 5th, 2004 Ronald Reagan
67%
Still Alive (June 14th, 1946) Donald Trump
64%
December 26th, 1972 Harry S. Truman
64%
October 20th, 1964 Herbert Hoover
64%
August 2nd, 1923 Warren G. Harding
64%
July 9th, 1850 Zachary Taylor
64%
January 5th, 1933 Calvin Coolidge
61%
January 22nd, 1973 Lyndon B. Johnson
61%
April 4th, 1841 William Henry Harrison
61%
September 14th, 1901 William McKinley
61%
February 3rd, 1924 Woodrow Wilson
61%
March 28th, 1969 Dwight D. Eisenhower
58%
January 6th, 1919 Theodore Roosevelt
58%
July 23rd, 1885 Ulysses S. Grant
58%
June 8th, 1845 Andrew Jackson
55%
September 19th, 1881 James A. Garfield
55%
July 4th, 1826 John Adams
55%
January 18th, 1862 John Tyler
55%
March 8th, 1930 William Howard Taft
55%
March 13th, 1901 Benjamin Harrison
52%
June 1st, 1868 James Buchanan
52%
June 15th, 1849 James K. Polk
52%
February 23rd, 1848 John Quincy Adams
52%
July 24th, 1862 Martin Van Buren
48%
July 31st, 1875 Andrew Johnson
45%
November 18th, 1886 Chester A. Arthur
45%
October 8th, 1869 Franklin Pierce
42%
March 8th, 1874 Millard Fillmore
42%
January 17th, 1893 Rutherford B. Hayes
42%
June 28th, 1863 James Madison
39%
July 4th, 1862 Thomas Jefferson
36%
No matching quizzes found
Score Distribution
Percent of People with Each Score
Percentile by Number Answered
Your Score History
You have not taken this quiz